000 00678nam a2200193Ii 4500
003 JO-AjNU
008 230605s9999||||xx |||||||||||||| ||und||
040 _aJO-AjNU
_bara
_erda
_cJO-AjNU
041 _aara
050 1 4 _aPN90.L34
100 3 _aلبد،يوسف شعبان,
_eauthor
_952853
245 0 0 _aالمدخل للاتصال بالجماهير في إطاره الاجتماعي
264 3 1 _aد.م: د.ن، د.ت
300 _a126ص
336 _atext
_btxt
_2rdacontent
337 _aunmediated
_bn
_2rdamedia
338 _avolume
_bnc
_2rdacarrier
650 4 _aالمدخل للاتصال بالجماهير في إطاره الاجتماعي-الاتصال
_952854
999 _aA23437
_c27005
_d27005